000 01005cam a2200265 4500
001 sa 68018103
003 DLC
005 20260227112708.0
008 710907m19009999ii c b 00010 eng
010 _asa 68018103 //r892
025 _aPL480:I-E-6192
050 0 _aBL1210
_b.H27
100 0 0 _aHaranath,
_d1865-1927.
245 1 4 _aThe divine voice of Sri Sri Thakur Haranath;
_bor, "Upadeshamrita"; full of illuminating and interesting life events, enlightening discourses, sayings, precepts and messages, spiritual and practical.
_cCompiled & published by Akella Ramakrishna Sastry.
250 _a[1st ed.]
260 0 _aRajahmundry,
_c19
300 _av.
_bports.
_c19 cm.
500 _a"Sri Sri Thakur Haranath birth centenary number, 2nd July, 1965."
500 _a"500 copies."
504 _a"Source-books and journals": v. 2, p. x.
650 0 _aReligious life
_xHinduism.
650 0 _aHinduism
_xDoctrines.
700 2 1 _aRamakrishna Sastry, Akella,
_ecomp.
740 0 1 _aUpadeshamrita.
999 _c88179
_d88179